K nekotorym voprosam mechanizma planovogo upravlenija vnutrennim rynkom
Guardado en:
| Autor principal: | |
|---|---|
| Formato: | Capítulo de libro |
| Lenguaje: | ruso |
| Etiquetas: |
Sin Etiquetas, Sea el primero en etiquetar este registro!
|
MARC
| LEADER | 00000naa$a2200000$$$4500 | ||
|---|---|---|---|
| 001 | 0147577 | ||
| 005 | 20240502124903.3 | ||
| 041 | 0 | |a rus | |
| 044 | |a BG | ||
| 245 | 1 | 0 | |a K nekotorym voprosam mechanizma planovogo upravlenija vnutrennim rynkom |c Jaroslav Kita |
| 100 | 1 | |a Kita, Jaroslav | |